Hamlyn dictionary of dates and anniversaries (Record no. 28177)

MARC details
000 -LEADER
fixed length control field 00277nam a2200109Ia 4500
082 ## - DEWEY DECIMAL CLASSIFICATION NUMBER
Classification number 93/99(038)
Item number BAI
245 #0 - TITLE STATEMENT
Title Hamlyn dictionary of dates and anniversaries
260 ## - PUBLICATION, DISTRIBUTION, ETC. (IMPRINT)
Place of publication London
Name of publisher Hamlyn
Year of publication 1978
700 ## - ADDED ENTRY--PERSONAL NAME
Personal name F M
942 ## - ADDED ENTRY ELEMENTS (KOHA)
Koha item type Books
Holdings
Withdrawn status Lost status Damaged status Not for loan Home library Current library Date acquired Cost, normal purchase price Full call number Accession Number Koha item type
        RRII Library RRII Library 16/12/2021 3.95 93/99(038) BAI 08785 Books